Sam Rayburn (Record no. 1184)

000 -LEADER
fixed length control field 00487nam a22001937a 4500
003 - CONTROL NUMBER IDENTIFIER
control field OSt
005 - DATE AND TIME OF LATEST TRANSACTION
control field 20210426115423.0
008 - FIXED-LENGTH DATA ELEMENTS--GENERAL INFORMATION
fixed length control field 210204b1975 eng||||| |||| 00| 0 eng d
040 ## - CATALOGING SOURCE
Transcribing agency DLC
080 ## - UNIVERSAL DECIMAL CLASSIFICATION NUMBER
Universal Decimal Classification number 92
Item number S-82
100 ## - MAIN ENTRY--PERSONAL NAME
9 (RLIN) 775
Personal name Steinberg,Alfred
245 ## - TITLE STATEMENT
Title Sam Rayburn
Statement of responsibility, etc. steinberg,Alfred
260 ## - PUBLICATION, DISTRIBUTION, ETC.
Place of publication, distribution, etc. New York
Name of publisher, distributor, etc. Hawthorn books/New York
Date of publication, distribution, etc. 1975
300 ## - PHYSICAL DESCRIPTION
Extent 391
Other physical details ill.
365 ## - TRADE PRICE
Price type code 15.00 USD
650 #0 - SUBJECT ADDED ENTRY--TOPICAL TERM
9 (RLIN) 237
Topical term or geographic name entry element Biography
653 ## - INDEX TERM--UNCONTROLLED
Uncontrolled term ბიოგრაფია
942 ## - ADDED ENTRY ELEMENTS (KOHA)
Source of classification or shelving scheme
Koha item type Books
Holdings
Withdrawn status Lost status Source of classification or shelving scheme Damaged status Not for loan Permanent location Current location Date acquired Inventory number Total Checkouts Full call number Barcode Date last seen Price effective from Koha item type
          Ken Walker International University Ken Walker International University 02/04/2021 376   92 S-82 376 02/04/2021 02/04/2021 Books

Powered by Koha